| 000 | 01179nam a22002657a 4500 | ||
|---|---|---|---|
| 005 | 20240530110514.0 | ||
| 008 | 160113s2013 ua abc g b 00| 0 ara d | ||
| 017 |
_a2011/14162 _bمصر . دار الكتب المصرية |
||
| 020 | _a9772122154 | ||
| 040 | _aEG-CaGPL | ||
| 082 | 0 | 4 |
_221 _a953.08\ _bس م |
| 100 | 0 | _aسمير صبرى شبل سالم | |
| 245 |
_aالمؤثرات المشرقية فى العصر المملوكى : _b( العسكرية - الدينية - العلمية - الاجتماعية ) / _cتاليف سمير صبرى شبل سالم ؛ تقديم احمد مختار العبادى |
||
| 260 |
_aالاسكندرية : _bمؤسسة شباب الجامعة ، _c2013 . |
||
| 300 |
_a680 ص : _bايض ؛ _c24 سم . |
||
| 504 | _aيشتمل على ارجاعات ببليوجرافية | ||
| 650 | 0 | 4 | _aالمماليك |
| 650 | 0 | 4 |
_aالمماليك _xالاحوال العسكرية |
| 650 | 0 | 4 |
_aالتصوف الاسلامى _xمدارس |
| 650 | 0 | 4 | _aالجامع الازهر |
| 650 | 0 | 4 | _aالاوقاف |
| 700 | 0 |
_aاحمد مختار العبادى _eمقدم |
|
| 942 |
_2ddc _cBK |
||
| 999 |
_c61756 _d61756 |
||